|
|
|
|
| LEADER |
00000cam a2200000 7i4500 |
| 001 |
0000032825 |
| 005 |
20220105104058.0 |
| 008 |
120627 |
| 020 |
|
|
|a 9812744851
|
| 020 |
|
|
|a 9812744852 (Set)
|
| 090 |
0 |
0 |
|a JP
|b EL ENG
|
| 100 |
1 |
|
|a Alexander, Andrian
|
| 245 |
1 |
0 |
|a Shapeys :
|b let's go shopping
|c written and illustrated by Adrian Alexander
|
| 260 |
|
|
|a Sg :
|b Teachers@work ,
|c [s.n]
|
| 440 |
|
|
|a Shapeys; Level 1 Book D (Mathematics)
|
| 500 |
|
|
|a Children age 4-6 years old (yellow)
|
| 650 |
|
0 |
|a Early childhood education
|
| 650 |
|
0 |
|a English fiction
|
| 999 |
|
|
|a 0001141487
|b Book
|c Children Collection
|e Perbadanan Perpustakaan Awam Johor
|
| 999 |
|
|
|a 0001141488
|b Book
|c Children Collection
|e Perbadanan Perpustakaan Awam Johor
|
| 999 |
|
|
|a 0001141489
|b Book
|c Children Collection
|e Cawangan Bandar Penawar
|
| 999 |
|
|
|a 0001141492
|b Book
|c Children Collection
|e Cawangan Taman Sri Lambak
|
| 999 |
|
|
|a 0001141493
|b Book
|c Children Collection
|e Cawangan Bukit Gambir
|
| 999 |
|
|
|a 0001141495
|b Book
|c Children Collection
|e Cawangan Taman Sri Lambak
|
| 999 |
|
|
|a 0001141496
|b Book
|c Baby
|e Cawangan Bandar Tenggara
|
| 999 |
|
|
|a 0001141497
|b Book
|c Children Collection
|e Cawangan Segamat
|